000 00520nam a2200217Ia 4500
003 OSt
005 20221006151406.0
006 a|||||r|||| 00| 0
007 ta
008 221006b |||||||| |||| 00| 0 eng d
024 _a21,947
037 _cTextual
040 _aEASL
_cEASL
_beng
041 _2eng
_aeng
100 _aALTHUSSER L
_9629521
245 0 _aFor Marx
260 _aAllen
_bLowe Penguin Press
_c1965
300 _a271p.
_ccm.
942 _cTEXL
_2CC
999 _c1090033
_d1090033